000 03314nam0a2200421 4500
001 RU\NLR\BIBL_A\022117335
005 20240209145747.0
010 _a978-5-6050693-0-0
_9500
021 _aRU
_bКН-П-23-080786
_9КН-П-23-8199
035 _a(NLR Aleph) 022117335
035 _a(RuMoRGB)012450638
090 _a12796315
_c12796315
100 _a20240126d2023 u y0rusy50 ca
101 0 _arus
102 _aRU
105 _aa g 000yd
181 0 _ai3
_baxxe
182 0 _an
200 1 _aСтарообрядцы Санкт-Петербурга и Ленинградской области в XX веке
_eистория старообрядческих общин в Санкт-Петербурге и Ленинградской области
_eсправочник
_fМ. В. Шкаровский
_gАрхивный комитет Санкт-Петербурга, Центральный государственный архив Санкт-Петербурга, Общество старообрядческой культуры имени братьев Денисовых
203 _aТекст
_bвизуальный
_cнепосредственный
210 _aСанкт-Петербург
_cАрхеодоксiя
_d2023
215 _a365 с.
_cил.
_d23
320 _aБиблиогр. в примеч.: с. 347-365 и в тексте
330 _aАрхивный справочник посвящен истории старообрядческих общин в Санкт-Петербурге и Ленинградской области - регионах значительного распространения этой конфессии, где ее традиции всегда отличались прочностью. В работе охвачен главным образом советский период - с 1917 по 1991 гг., в научный оборот вводятся новые архивные документы, прежде всего, за первые послереволюционные десятилетия. Издание рассчитано на научных работников, верующих-старообрядцев, а также всех читателей, интересующихся церковной историей
606 1 _aСтарообрядчество
_jСправочники
_xИстория
_yЛенинградская область
_92438598
_3RU\NLR\AUTH\6601668854
606 1 _aСтарообрядчество
_jСправочники
_xИстория
_yСанкт-Петербург, город
_92579054
_3RU\NLR\AUTH\6601735495
675 _a271.22(470.23)
_v4
686 2 _aЭ372.242-39(2-2СПб)я2
686 2 _aЭ372.242-39(2Р-4Ле)я2
700 1 _7ca
_8rus
_aШкаровский
_bМ. В.
_f1961-
_gМихаил Витальевич
_9124643
_3RU\NLR\AUTH\7714981
942 _cBOOK
980 _aNB